Mots de la langue française terminés par "ron" - Statistiques

Statistiques générales
  • Ce quiz a été pris 186 fois
  • Le résultat moyen est 21 sur 45
Statistiques - réponses
Indice Mot % Correct
couleur marron
89%
nageoire aileron
85%
agrume citron
85%
jeune fille "moche" laideron
79%
approximativement environ
77%
petite pièce de tissu placée sur une table napperon
77%
métier travaillant le fer forgeron
75%
gai .... luron
75%
empereur romain Néron
73%
légume potiron
73%
sport aviron
68%
noble baron
67%
île de l'Atlantique Oléron
67%
accessoire de pantalon ceinturon
62%
petit gâteau macaron
61%
chef patron
61%
petit insecte parasite des plantes puceron
59%
propos insultant juron
58%
garçon boulanger mitron
58%
peureux poltron
58%
vendangeur vigneron
53%
unité militaire escadron
52%
presqu'île de Bretagne Quiberon
49%
forestier bûcheron
46%
quartier de maisons ouvrières coron
46%
voleur (désuet) larron
46%
oiseau héron
42%
indien huron
39%
symbole µ micron
39%
insecte moucheron
36%
sein giron
35%
escalier perron
33%
instrument de musique clairon
31%
ergot éperon
27%
massif montagneux Luberon
27%
chien de berger beauceron
25%
fiole biberon
25%
poisson vairon
19%
récipient de cuisine chaudron
18%
champignon mousseron
13%
poix goudron
10%
confiserie touron
8%
instrument de musique médiéval choron
4%
ce qu'il y a de plus remarquable fleuron
4%
fraise capron
2%
Aucun quiz correspondant
Distribution des résultats
% des personnes avec chaque résultat
Percentile par nombre de réponses
Votre historique - résultats
Vous n’avez pas pris ce quiz